GOYLE'S, Law of Specific Performance/ (Record no. 206621)

MARC details
000 -LEADER
fixed length control field 00601nam a2200193 4500
005 - DATE AND TIME OF LATEST TRANSACTION
control field 20241023125804.0
010 ## - LCCN (DPL NO)
LC control number ENG-142329
020 ## - INTERNATIONAL STANDARD BOOK NUMBER
Terms of availability 1650.00
International Standard Book Number 9788171773596
035 ## - SYSTEM CONTROL NUMBER
System control number EN-125861
037 ## - SOURCE OF ACQUISITION
Source of stock number/acquisition DBAD
082 ## - DEWEY DECIMAL CLASSIFICATION NUMBER
Classification number 346.5402
100 ## - MAIN ENTRY--PERSONAL NAME
Personal name Pathak, S. K.
245 ## - TITLE STATEMENT
Title GOYLE'S, Law of Specific Performance/
Statement of responsibility, etc S.K. Pathak
250 ## - EDITION STATEMENT
Edition statement Fifth
260 ## - PUBLICATION, DISTRIBUTION, ETC. (IMPRINT)
Place of publication, distribution, etc kolkata
Name of publisher, distributor, etc Eastern Law House Private Limited
Date of publication, distribution, etc 2020
270 ## - ADDRESS
Address 54 Ganesh Chunder Avenue
City kolkata
Postal code 700013
Telephone number (033)2215-1989
Electronic mail address mail@elh.co.in
300 ## - PHYSICAL DESCRIPTION
Extent 656p.
Dimensions 25cm(hb)
942 ## - ADDED ENTRY ELEMENTS (KOHA)
Source of classification or shelving scheme Dewey Decimal Classification
Item type English Books
Classification part 346.5402
Call number suffix PAT
Holdings
Withdrawn status Lost status Not for loan Collection code Home library Current library Date acquired Source of acquisition Cost, normal purchase price Full call number Barcode Copy number Cost, replacement price Koha item type
      Non-fiction Bawana Bawana 23/10/2024 DBAD 1650.00 346.5402 PAT EN-125861 1 1650.00 English Books

© Delhi Public Library
Hit Counter
free hit counter